Statistics for Biggest "C" City by State

Click here to take the quiz!

General Stats

  • This quiz has been taken 173 times
    (156 since last reset)
  • The average score is 17 of 50

Answer Stats

StateCity% Correct
GeorgiaColumbus
98%
OhioColumbus
98%
NebraskaColumbus
98%
MarylandColumbia
81%
South CarolinaColumbia
81%
MissouriColumbia
81%
ColoradoColorado Springs
79%
North CarolinaCharlotte
74%
WyomingCheyenne
74%
IllinoisChicago
74%
West VirginiaCharleston
71%
NevadaCarson City
67%
TennesseeChattanooga
62%
New HampshireConcord
62%
TexasCorpus Christi
57%
IowaCedar Rapids
55%
ArizonaChandler
55%
CaliforniaChula Vista
52%
MassachusettsCambridge
50%
VirginiaChesapeake
38%
Rhode IslandCranston
33%
KentuckyCovington
31%
DelawareCamden
26%
South DakotaCanton
24%
FloridaCape Coral
24%
PennsylvaniaChester
24%
OregonCorvallis
17%
VermontColchester
14%
IndianaCarmel
12%
MississippiClinton
12%
MichiganClinton Charter Township
12%
New YorkCheektowaga
10%
HawaiiCaptain Cook
7%
New JerseyClifton
7%
AlaskaCollege
7%
ArkansasConway
7%
MinnesotaCoon Rapids
7%
IdahoCaldwell
2%
MontanaColumbia Falls
2%
WashingtonCamas
0%
MaineCaribou
0%
North DakotaCasselton
0%
AlabamaCenter Point
0%
LouisianaCentral
0%
ConnecticutCheshire
0%
OklahomaClaremore
0%
New MexicoClovis
0%
KansasCoffeyville
0%
UtahCottonwood Heights
0%
WisconsinCudahy
0%

Score Distribution

Percentile by Number Answered

Percent of People with Each Score

Your Score History

You have not taken this quiz since the last reset